[Event "POL-chT Ekstraliga 2018"]
[Site "Gorzow"]
[Date "2018.06.09"]
[Round "2"]
[White "Druska, Juraj"]
[Black "Kriebel, Tadeas"]
[Result "0-1"]
[WhiteElo "2439"]
[BlackElo "2487"]
[Annotator "TA"]
[PlyCount "118"]
[EventDate "2018.06.08"]
[EventType "team-tourn"]
[EventCountry "POL"]
[SourceTitle "playchess.com"]
[Source "ChessBase"]
[SourceQuality "1"]

{[%evp 12,118,8,28,41,39,29,40,58,0,16,0,37,12,70,82,105,97,98,122,102,108,137,116,182,160,186,180,188,122,198,30,191,98,99,94,221,206,231,220,230,187,151,155,207,-49,-57,-116,-116,-116,-116,-116,-116,-130,-130,-130,-130,-163,-156,-159,-130,-130,-130,-179,-177,-164,-144,-157,-153,-343,-130,-130,-130,-130,-122,-130,-130,-130,-130,-123,-123,-130,-123,-123,-123,-123,-123,-123,-123,-584,-584,-584,-584,-584,-571,-560,-535,-577,-487,-479,-465,-456,-385,-1107,-976,-903,-874,-539,-507]} 1. e4 d6 2. d4 g6 3. f4 Bg7 4. Nf3 c5 5. d5 Nf6 6. Nc3 O-O 7. Bd3 {LiveBook: 79 Games} b5 {A43: Schmid Benoni} (7... e6 8. dxe6 Bxe6 9. f5 gxf5 10. exf5 Bd7 11. O-O Bc6 12. Bg5 Nbd7 13. Bc4 h6 14. Bh4 Nb6 15. Bb5 Re8 {½-½ (35) Radjabov,T (2734)-Van Wely,L (2667) Wijk aan Zee 2015}) 8. Nxb5 c4 9. Bxc4 {Hoping for Qe2.} Nxe4 {White is slightly better.} 10. c3 (10. O-O {is more complex.} Qb6+ 11. Nbd4 Nd7 12. Re1 Ndf6 13. c3) 10... Nd7 11. O-O $146 ({Predecessor:} 11. Qe2 f5 12. Nbd4 Nb6 13. Bb5 Nxd5 14. Bc6 Nc7 15. Bxa8 Nxa8 {1-0 (29) Papp,P (2134)-Fugulyan,G (1978) Budva 2009}) 11... Ba6 12. Re1 {[#]} Ndf6 (12... Nxc3 $1 $11 {[%mdl 512]} 13. bxc3 Bxb5 14. Bxb5 Qb6+ 15. Nd4 Bxd4+ 16. Qxd4 Qxb5) 13. a4 $14 Qc8 14. Qd4 Nc5 15. Rxe7 Qd8 16. Re1 (16. Rxa7 $2 Rxa7 17. Nxa7 Ng4 $19) 16... Qb6 17. Kh1 Rae8 (17... Bxb5 $16 18. Bxb5 (18. axb5 Nfe4 $16) 18... Rab8) 18. Rxe8 $18 Rxe8 19. Qg1 $1 Re4 20. Nfd4 (20. b3 $1 $18) 20... Nh5 (20... Ng4 $16) 21. Bd2 $2 (21. Be3 $18) 21... Nxf4 $2 (21... Bxd4 $1 $11 {and Black is okay.} 22. cxd4 Nxa4) 22. Re1 (22. Qf1 $18 Be5 23. g3) 22... Bxb5 $16 23. axb5 {Strongly threatening Rxe4.} Be5 (23... Nfd3 $16) 24. b4 Rxe1 25. Qxe1 ({Not} 25. Bxe1 Ncd3 $14) 25... Ncd3 26. Qe3 Nb2 27. Bb3 Nfd3 (27... Bxd4 $16 28. cxd4 Nfd3) 28. Bc2 $2 ({White has to play} 28. Nc6 $18) 28... Nxb4 $1 $15 29. cxb4 (29. Qe2 $15) 29... Nc4 $36 {[%mdl 2048] Black has strong initiative.} ({Don't play} 29... Qxd4 30. Qxd4 Bxd4 31. Bb3 $11) 30. Qd3 {Bc3 is the strong threat.} Nxd2 31. Qxd2 {aiming for Nc6.} Bxd4 32. Qd3 Be5 33. Qe2 Qd4 34. Qd1 Qxb4 35. Bd3 Kg7 36. g3 h5 {[%cal Bh7h5,Bh5h4][%mdl 32]} 37. Be2 h4 38. Kg2 Qe4+ 39. Bf3 Qf5 40. Qe2 $2 {[#]} (40. Be2 $17) 40... Qg5 $2 (40... h3+ $1 $19 41. Kh1 Qb1+ 42. Qd1 Qxb5) 41. Qf2 hxg3 42. hxg3 Kh6 43. Be2 Qd2 44. Bf3 Qa5 45. Be2 Kg7 46. Bd3 Qa4 47. Qf3 Qa2+ 48. Kh3 Bd4 49. Bf1 Qd2 50. Qf4 $2 {[%mdl 8192] [#]} (50. Qe2 $17 {is a better chance.} Qh6+ 51. Kg2) 50... Qxf4 $1 $19 51. gxf4 {[%mdl 4096] Endgame KB-KB} f5 52. Kg3 Be3 53. Kf3 Bc1 54. Bh3 Kf6 55. Kg3 Ke7 56. Bf1 Kd8 57. b6 $2 (57. Bc4 Kc7 58. Bb3) 57... axb6 {Black is clearly winning.} 58. Bb5 Ke7 59. Kf3 Kf6 {Precision: White = 36%, Black = 55%.} 0-1

[Event "POL-chT Ekstraliga 2018"]
[Site "Gorzow"]
[Date "2018.06.09"]
[Round "2"]
[White "Brodowski, Piotr"]
[Black "Krasenkow, Michal"]
[Result "1/2-1/2"]
[WhiteElo "2437"]
[BlackElo "2631"]
[Annotator "TA"]
[PlyCount "186"]
[EventDate "2018.06.08"]
[EventType "team-tourn"]
[EventCountry "POL"]
[SourceTitle "playchess.com"]
[Source "ChessBase"]
[SourceQuality "1"]

{[%evp 17,186,13,26,9,9,0,0,0,18,10,9,20,5,9,35,41,46,49,79,51,42,8,41,10,50,18,18,16,23,20,19,9,14,-14,-2,-4,-4,-5,0,0,0,0,0,0,0,0,0,-19,-10,-45,-45,-45,-45,-49,-37,-68,-14,-50,-23,-32,-23,-27,-18,-27,-14,-19,-11,-18,-18,-18,-18,-18,-18,-18,-18,-18,-18,-18,-10,-11,-8,-18,0,-10,-10,-18,-18,-18,-18,-18,-13,-18,-18,-18,-18,-8,-8,-8,-8,-18,-18,-18,-18,-18,-18,-22,-15,-18,-18,-18,-18,-18,-18,-18,-18,-18,-18,-18,-18,-18,-8,-18,-18,-18,-18,-18,-18,-18,-18,-18,-18,-18,-18,-18,-8,-8,-8,-8,-8,-19,0,0,0,0,8,8,8,8,8,8,8,8,8,8,8,8,8,8,8,8,8,8,8,0,0,0,0,0,0,0,0]} 1. c4 e5 2. g3 c6 3. Nf3 e4 4. Nd4 d5 5. cxd5 Qxd5 6. Nc2 {A20: English Opening: 1...e5} Nf6 7. Nc3 Qh5 8. Ne3 Bc5 9. Qc2 Bxe3 {LiveBook: 3 Games} 10. fxe3 (10. dxe3 {looks sharper.} Qe5 11. Bg2 Bf5 12. g4 Nxg4 13. Nxe4 Na6 14. h3) 10... Qe5 11. Bg2 {[%cal Rc3e4]} Bf5 12. b4 Nbd7 $146 ({Predecessor:} 12... O-O 13. Bb2 {1-0 (41) Aronian,L (2801)-Papaioannou,I (2652) Heraklio 2017}) 13. Bb2 O-O 14. O-O Qe6 15. Qb3 Qxb3 16. axb3 Bg6 17. b5 Rfc8 18. g4 h6 19. h4 Nc5 20. Ra3 Rd8 21. g5 hxg5 (21... Rxd2 22. Bc1 $16) 22. hxg5 Nh5 (22... Rxd2 23. Bc1 $16) 23. b4 Ne6 24. bxc6 (24. Bxe4 Ng3 $17) (24. Nxe4 Bxe4 25. Bxe4 Ng3 $15) 24... bxc6 25. Bxe4 Ng3 26. Bxc6 Rac8 $1 27. Nd5 ({Don't play} 27. Bb7 Rc7 $17) 27... Nxf1 (27... Rxc6 $5 28. Ne7+ $8 Kh7 29. Nxc6 Rxd2 $11) 28. Kxf1 {[#] And now Ne7+ would win.} Kf8 29. b5 Rxc6 30. bxc6 Rxd5 31. Rxa7 {Threatens to win with Ra8+.} Ke8 ({Wrong is} 31... Rxd2 $2 32. Ra8+ Ke7 33. Ba3+ Rd6 34. Ra7+ Nc7 35. Rxc7+ Ke6 36. e4 $18) 32. Bc3 Be4 ({But not} 32... Nxg5 $6 33. Ba5 $16) 33. Ke1 Rxg5 34. Ra8+ Ke7 35. Ra7+ Kd6 36. d3 Bxc6 (36... Bg6 $15 37. Ra6 Rb5) 37. Rxf7 Bd7 38. e4 Rg4 39. Kf2 g6 40. Bb4+ Kc6 41. Bd2 {The position is equal.} Bc8 42. Rh7 Ng5 43. Rh2 Nf7 44. Rg2 Rxg2+ 45. Kxg2 Bg4 46. Kf2 Kb5 47. Bc3 Ka4 {Threatening ...Kb5.} 48. Bf6 Kb3 {With the idea ...Be6.} 49. Ke3 Kc2 50. d4 Kc3 51. d5+ Kc4 52. Be7 Bd7 53. Kf4 Bh3 54. Kg3 Bc8 55. Kf4 Bb7 56. Bh4 Kc5 57. Be7+ Kb5 58. Ke3 Kc4 59. Bf6 g5 60. Kf3 Bc8 {Black wants to play ...Bh3.} 61. Be7 Ne5+ 62. Ke3 g4 63. Bd6 Ng6 64. Bb8 Ba6 65. Ba7 Bb5 66. Bb8 Kc5 67. Bg3 Bc4 68. Bc7 Kb5 69. Bg3 Kb6 70. Bb8 Kb7 71. Bg3 Kc8 72. Bd6 Kd7 73. Bb8 Ke7 74. Bc7 Bb5 75. Kf2 Nh8 76. e5 Nf7 77. e4 Ng5 78. Kg3 Be2 79. Kf4 Nh3+ 80. Kf5 g3 81. e6 Bb5 82. Bxg3 Ng1 83. Bf2 Ne2 84. Bc5+ Ke8 85. d6 {[%cal Bd5d6,Bd6d7][%mdl 32]} Bc6 86. e5 Nc3 87. Kg6 {[#] Hoping for d7+.} Nd5 88. Ba3 Ne7+ 89. Kg5 Bd5 90. d7+ Kd8 91. Kf6 Ng8+ $1 92. Kf7 Nh6+ 93. Kf6 {Threatening mate with Be7+.} Ng4+ {Precision: White = 61%, Black = 62%.} 1/2-1/2

[Event "POL-chT Ekstraliga 2018"]
[Site "Gorzow"]
[Date "2018.06.09"]
[Round "2"]
[White "Skawinski, Arkadiusz"]
[Black "Heberla, Bartlomiej"]
[Result "1/2-1/2"]
[WhiteElo "2425"]
[BlackElo "2569"]
[Annotator "TA"]
[PlyCount "100"]
[EventDate "2018.06.08"]
[EventType "team-tourn"]
[EventCountry "POL"]
[SourceTitle "playchess.com"]
[Source "ChessBase"]
[SourceQuality "1"]

{[%evp 24,100,4,-6,0,-18,0,0,33,15,11,28,104,106,98,90,100,0,115,110,95,118,88,72,112,105,77,18,12,6,11,0,25,29,18,26,33,21,38,38,43,37,25,0,0,0,0,-25,-26,-25,-26,-27,-27,-27,-25,-26,-20,-21,0,-24,0,-30,-30,-29,-30,-45,-35,-48,-31,-33,-17,-21,-19,-20,-19,-26,0,0,0]} 1. e4 e6 2. d4 d5 3. e5 c5 4. c3 Nc6 5. Nf3 Bd7 6. Be2 Nge7 {[%cal Bg8e7,Be7g6,Bg6h8,Bh8f7][%mdl 32]} 7. Na3 Ng6 8. Nc2 Be7 9. g3 {C02: French: Advance Variation} O-O 10. h4 cxd4 11. cxd4 f6 12. h5 Nh8 13. Bf4 {LiveBook: 3 Games} (13. h6 g6 14. exf6 Bxf6 15. Nh2 Nf7 16. Ng4 Nd6 17. Bf4 {1-0 (51) Delorme,A (2494)-Fier,A (2567) Cannes 2014}) 13... Nf7 14. Bd3 fxe5 15. dxe5 Qa5+ $146 ({Predecessor:} 15... Qb6 16. Bxh7+ Kxh7 {0-1 (40) Blodig,S (2161)-Jauernig,U (2245) Fuerth 1999}) 16. Kf1 Qb6 {...Ncxe5! is the strong threat.} 17. Qe2 Qxb2 (17... Nh6 $11 {keeps the balance.}) 18. Kg2 $36 {[%mdl 2048] White is on the roll.} Qb6 19. Rab1 Qc7 20. Rbe1 (20. Ncd4 $16) 20... Bc5 {[#]} (20... Rac8 $11) 21. Bxh7+ $1 {[%mdl 512]} Kxh7 {[#]} 22. Qd3+ $1 Kg8 {And now ...Ne7 would win.} 23. h6 Nxh6 24. Rxh6 {Qh7+ would kill now.} Rf5 ({Worse is} 24... gxh6 25. Qg6+ Kh8 26. Qxh6+ Kg8 27. Qg6+ Kh8 28. Rh1#) 25. Nh4 (25. Rh3 $16) 25... Raf8 $1 $11 26. Nxf5 Rxf5 27. Rh4 Ne7 28. Nd4 Bxd4 $1 29. Qxd4 Qc4 30. Be3 Ng6 31. Qxc4 dxc4 32. Rxc4 Nxe5 33. Rc7 {Strongly threatening Rd1.} Bc6+ 34. Kf1 {Black must now prevent Rd1.} Bf3 {( -> ...Rh5)} 35. Rec1 {Hoping for R1c3.} (35. Bxa7 {is a self mate.} Rh5 36. Rc8+ Kh7 37. Rh8+ Kxh8 38. Kg1 Rh1#) 35... Rh5 $1 {[%cal Rh5h1]} 36. Ke1 {Threatens to win with Kd2.} Nd3+ 37. Kd2 Nxc1 38. Kxc1 {[%mdl 4096] Endgame KRB-KRB} Ra5 39. Kb2 Bd5 40. a3 Rb5+ 41. Kc2 Ra5 42. Bc5 Bc6 43. Bb4 Rf5 44. Rc8+ Kh7 45. Rf8 Be4+ 46. Kd2 Rd5+ 47. Ke2 Bd3+ 48. Ke3 Bf5 49. Rc8 e5 50. Rc5 Rxc5 {Precision: White = 53%, Black = 47%.} 1/2-1/2

[Event "POL-chT Ekstraliga 2018"]
[Site "Gorzow"]
[Date "2018.06.09"]
[Round "2"]
[White "Murdzia, Piotr"]
[Black "Mikrut, Dariusz"]
[Result "0-1"]
[WhiteElo "2414"]
[BlackElo "2379"]
[Annotator "TA"]
[PlyCount "154"]
[EventDate "2018.06.08"]
[EventType "team-tourn"]
[EventCountry "POL"]
[SourceTitle "playchess.com"]
[Source "ChessBase"]
[SourceQuality "1"]

{[%evp 15,154,17,29,32,29,37,28,27,18,0,45,40,40,14,42,20,25,-23,26,33,50,35,20,23,36,32,37,33,37,33,35,36,31,33,67,37,61,54,55,55,62,67,69,54,89,89,95,95,95,91,103,62,91,62,91,70,112,0,93,0,116,72,73,49,62,0,93,57,73,63,68,55,88,87,89,56,82,89,96,39,55,56,113,39,39,39,39,39,39,39,68,39,76,39,65,40,45,49,87,52,80,49,47,27,79,77,68,66,60,64,89,93,82,92,93,94,106,77,91,84,94,19,29,9,42,13,16,0,0,0,0,-289,-295,-342,-319,-326,-298,-315,-302,-897,-876]} 1. c4 Nf6 2. Nc3 g6 3. g3 Bg7 4. Bg2 O-O 5. d4 c6 6. Nf3 d6 7. O-O Bf5 8. Ne1 Be6 9. d5 {E62: King's Indian: Fianchetto: 6...c6 and Panno Variation (6...Nc6) without ...a6} cxd5 10. cxd5 Bd7 11. h3 {White has an edge.} (11. Be3 a5 12. Bd4 Na6 13. Nd3 b5 14. a3 b4 15. axb4 Nxb4 16. Qd2 Rb8 17. Nxb4 Rxb4 {0-1 (57) Ding,L (2774)-Carlsen,M (2837) Saint Louis 2017}) 11... a5 12. Nd3 a4 13. a3 Qa5 14. Bd2 $146 ({Predecessor:} 14. Be3 Rc8 15. Rc1 Na6 16. Qd2 Bf5 {0-1 (28) Solovchuk,A (2409)-Volokitin,A (2649) Rivne 2016}) 14... Na6 (14... Bb5 $5) 15. Rc1 Rfc8 16. e4 Nc5 (16... Bb5 $5 17. Nxb5 Qxb5 $11) 17. Nxc5 Rxc5 18. Be3 Rc4 19. Re1 Be8 20. Bf1 Rcc8 21. Bd4 Nd7 22. Bxg7 Kxg7 23. Qd4+ f6 24. f4 Rc5 25. Re3 Qb6 26. Rc2 Rc7 27. Rd2 Qxd4 28. Rxd4 Nc5 29. Rb4 Nb3 30. Kf2 Kf7 31. Be2 Nc5 32. h4 Bd7 33. Rb6 Be8 34. Ke1 Ra5 35. Rb4 Bd7 36. Kf2 ({White should try} 36. e5 $16) 36... Be8 (36... Ra8 $1 $11) 37. Ke1 Bd7 $1 38. Bf1 Kf8 39. Rb6 Kf7 40. Be2 Be8 $1 41. Bd1 Nd7 42. Rb4 Nc5 43. Bc2 Na6 44. Rb6 Nc5 45. Kd2 Nd7 46. Rb4 $1 Nc5 47. Ne2 (47. e5 $16) 47... Na6 48. Rb6 f5 {[#]} (48... Nc5 $14) 49. Nc3 (49. Rc3 $1 $16 {Rxa6! is the strong threat.} Rcc5 50. Rxc5 (50. Rxb7 fxe4 51. Bxe4 Rab5 $16) (50. exf5 Rxd5+ 51. Ke3 Rdb5 $14) 50... Nxc5 51. exf5) 49... fxe4 $14 50. Rxe4 {[%cal Rc2a4]} Nc5 51. Rc4 Bd7 52. Ke3 Rc8 53. Bd1 (53. f5 $5) 53... h6 54. Rd4 Rca8 55. Rd2 R5a6 56. Rb4 Ra5 57. g4 Re8 58. Kf2 Rc8 59. Be2 Rc7 (59... b5 $11) 60. Rd1 $16 Rc8 61. Rh1 Rg8 62. Rg1 Rf8 63. Rg3 Re8 64. Re3 Rf8 65. Kg3 Rb8 66. Rb6 Be8 67. g5 hxg5 68. hxg5 (68. fxg5 $16 {And now Rb4 would win.} Nd7 69. Rb4) 68... Bd7 $11 69. Bf1 Rh8 70. Bg2 Bf5 71. Re1 Ra6 72. Rxa6 bxa6 73. Rh1 $2 {[%mdl 8192] [#]} (73. Re2 $11) 73... Rb8 $1 $19 {[%cal Rb8b2]} 74. Rh7+ Kg8 75. Rxe7 Rxb2 76. Nd1 Rb3+ 77. Ne3 $2 (77. Kh4 Rxa3 78. Ne3) 77... Kf8 {Precision: White = 36%, Black = 38%.} 0-1

[Event "POL-chT Ekstraliga 2018"]
[Site "Gorzow"]
[Date "2018.06.09"]
[Round "2"]
[White "Wcislo, Damian"]
[Black "Sliwerski, Radoslaw"]
[Result "1/2-1/2"]
[WhiteElo "2399"]
[BlackElo "2006"]
[Annotator "TA"]
[PlyCount "157"]
[EventDate "2018.06.08"]
[EventType "team-tourn"]
[EventCountry "POL"]
[SourceTitle "playchess.com"]
[Source "ChessBase"]
[SourceQuality "1"]

{[%evp 16,157,21,3,0,2,14,-37,14,6,28,-6,7,3,25,9,14,0,0,0,1,0,0,0,0,0,10,18,25,31,25,20,17,0,0,0,0,0,0,-12,-26,-24,6,6,28,30,25,24,36,39,56,13,13,13,13,0,51,13,13,13,13,8,8,8,75,75,75,75,75,75,102,102,102,102,102,102,102,102,2376,1709,10087,9845,5501,5365,3170,139,29961,29961,29964,29965,29963,29965,29963,29966,29972,29973,29973,29974,29974,29975,29975,29975,29970,29976,29978,29978,29978,29979,29979,29978,29975,29977,29977,29977,29977,8,8,8,8,8,8,8,8,8,8,8,8,0,0,0,0,0,0,0,0,0,0,0,0,0,0,0,0,0]} 1. d4 Nf6 2. c4 e6 3. Nf3 d5 4. Nc3 Bb4 5. Qa4+ Nc6 6. e3 O-O 7. Bd2 dxc4 {D38: Queen's Gambit Declined: Ragozin Defence (4 Nf3 Bb4)} 8. Bxc4 Bd6 9. h3 {LiveBook: 10 Games} (9. Qc2 e5 10. dxe5 Nxe5 11. Nxe5 Bxe5 12. O-O-O {½-½ (12) Wang,Y (2699)-Le,Q (2739) Ashkhabad 2017}) 9... e5 10. d5 Ne7 11. O-O $146 (11. Qc2 $11) ({Predecessor:} 11. e4 a6 12. a3 Ng6 13. Qc2 Bd7 14. h4 h6 15. h5 {½-½ (38) Polak,T (2522)-Hainke,G (2318) Livigno 2012}) 11... h6 (11... Bf5 $15) 12. e4 Bd7 13. Bb5 a6 14. Bxd7 Nxd7 15. Be3 f5 16. exf5 Nxf5 17. Qg4 Qe7 18. Rfe1 Qf7 19. Rad1 Rae8 {[%cal Ba8e8,Be8e7,Be7f7][%mdl 32]} 20. a3 Nxe3 21. Rxe3 Re7 22. Ne4 Nf6 23. Nxf6+ Qxf6 24. b4 Qf4 25. Re4 Qxg4 26. hxg4 Ref7 27. Rd2 Rf4 28. Rde2 R8f7 29. Nd2 Rxe4 (29... a5 {with more complications.} 30. bxa5 Bxa3 31. Rxe5 Rxg4 32. Ne4 Rgf4) 30. Nxe4 $11 {[%mdl 4096] Endgame KRB-KRN} Kf8 31. f3 Rd7 32. Kf2 Be7 33. Rc2 Rxd5 34. Rxc7 Rd3 35. Rc3 Rd4 (35... Rxc3 $11 36. Nxc3 Kf7) 36. Ke3 a5 $1 37. bxa5 Ra4 38. Nc5 Rxa5 39. Nxb7 Rxa3 (39... Ra4 $11 {remains equal.}) 40. Rxa3 $16 Bxa3 $11 {KB-KN} 41. Ke4 Ke7 42. Kxe5 Bb4 43. Kf5 Kf7 44. Nd8+ Ke8 45. Nc6 Bc3 46. Ne5 Ke7 $2 {[%mdl 8192] [#]} (46... Bd4 $16 47. f4 Be3) 47. Nc4 $1 $18 Bd4 {[#]} 48. Kg6 $1 Ke6 49. Nd2 Ke7 50. Ne4 $2 (50. Nf1 $18 Be5 51. Ne3) 50... Kf8 $2 {[%mdl 8192]} (50... Be5 $16 51. g5 hxg5 52. Nxg5 (52. Kxg5 Ke6 $16) 52... Bb2) 51. Ng3 Kg8 52. Nh5 Bc3 53. f4 Bb2 54. f5 Bc3 55. f6 gxf6 56. Nxf6+ Kh8 57. Nh5 Bd2 58. Ng3 Kg8 59. Nf5 Kh8 60. Nxh6 Bc3 61. g5 Bd2 62. Ng4 Kg8 63. Nf6+ Kh8 64. Ne4 Be3 65. Kf7 $2 (65. Nd6 {mates} Kg8 66. Nf5 Bd2 67. Ne7+ Kf8 68. Nf5 Kg8 69. g4 Bc1 70. Kh5) 65... Bxg5 $1 $11 {The position is equal.} 66. Kg6 Be3 67. Nf6 Bf4 68. g4 {[%cal Bg2g4,Bg4g5,Bg5g6,Bg6g7][%mdl 32]} (68. Nd5 {feels hotter.} Bd2 69. Kf5 Kg7 70. Ke4 Bc1 71. Nf4) 68... Bc1 69. Nd5 Bd2 70. Kf5 Kg7 71. Nf4 Bxf4 72. Kxf4 {Threatens to win with Kg5. KP-K} Kf6 73. g5+ Kg6 74. Kg4 Kg7 75. Kf5 Kf7 76. g6+ Kg7 77. Kg5 Kg8 78. Kh6 {White wants to mate with g7.} Kh8 79. g7+ {Precision: White = 55%, Black = 46%.} 1/2-1/2

[Event "POL-chT Ekstraliga 2018"]
[Site "Gorzow"]
[Date "2018.06.09"]
[Round "2"]
[White "Bartel, Michal"]
[Black "Nguyen, Piotr"]
[Result "0-1"]
[WhiteElo "2360"]
[BlackElo "2397"]
[Annotator "TA"]
[PlyCount "68"]
[EventDate "2018.06.08"]
[EventType "team-tourn"]
[EventCountry "POL"]
[SourceTitle "playchess.com"]
[Source "ChessBase"]
[SourceQuality "1"]

{[%evp 18,68,33,-42,11,4,27,0,35,35,35,38,17,-68,-66,-83,-91,-84,-69,-60,-63,-62,-67,-81,-75,-89,-89,-89,-89,-87,-93,-126,-116,-129,-129,-185,-163,-227,-141,-131,-84,-87,-92,-91,-91,-185,-183,-184,-92,-249,-249,-249,-249]} 1. e4 c5 {[%cal Bc7c5,Bc5d4][%mdl 32]} 2. Nf3 g6 3. c3 d5 4. exd5 Qxd5 5. d4 Bg7 6. Na3 cxd4 7. Bc4 {B06: Modern Defence} Qe4+ 8. Be3 Nh6 9. Nb5 O-O 10. Bd3 {LiveBook: 4 Games} ({Better is} 10. cxd4 $14 Nc6 11. Nc3) (10. cxd4 Nf5 11. Qe2 Nc6 12. O-O Nd6 13. Nc3 Qf5 14. Bb3 Qh5 {½-½ (46) Navara,D (2726)-Guseinov,G (2647) Antalya 2017}) 10... Qc6 (10... Qd5 $15 11. Bxh6 (11. Nbxd4 Ng4 $11) (11. Nfxd4 Qxg2 12. Qf3 Qxf3 $17) (11. cxd4 Nf5 $11) (11. Bxd4 Bxd4 12. Nbxd4 Nc6 $11) 11... Bxh6) 11. cxd4 {[#] Strongly threatening Rc1.} Na6 12. O-O $146 ({Predecessor:} 12. Rc1 Qd7 13. O-O Nf5 14. Bb1 Qxb5 {0-1 (14) Tresch,L (2013)-Schulte,J (2145) Frankenthal 2015}) 12... Nf5 13. Bf4 Be6 14. Rc1 Qb6 15. Qa4 (15. a4 $11) 15... Bd7 $15 16. Qb3 Bxb5 17. Qxb5 Qxb5 18. Bxb5 Nxd4 19. Nxd4 Bxd4 20. Rfe1 Bxb2 21. Rc2 Bf6 22. Bxa6 bxa6 23. Rc6 a5 24. Rec1 Rfd8 25. Ra6 Bb2 26. Rb1 (26. Re1 $17 {was necessary.}) 26... Rac8 27. h3 (27. Rxa7 $142 Bc1 28. g3) 27... Rc2 {Threatens to win with ...Bd4.} 28. Be3 Bc3 29. Rc6 Rb2 30. Rxb2 Bxb2 31. Bxa7 (31. Ra6 $17) 31... Rd1+ $19 32. Kh2 Rd2 (32... Be5+ $19 33. g3 Rd2) 33. a4 $2 {[#]} (33. Rc5 $17) 33... Be5+ 34. g3 Bd4 {Precision: White = 25%, Black = 59%.} 0-1

[Event "POL-chT Ekstraliga 2018"]
[Site "Gorzow"]
[Date "2018.06.09"]
[Round "2"]
[White "Kulon, Klaudia"]
[Black "Majdan, Joanna"]
[Result "1/2-1/2"]
[WhiteElo "2356"]
[BlackElo "2371"]
[Annotator "NA"]
[PlyCount "60"]
[EventDate "2018.06.08"]
[EventType "team-tourn"]
[EventCountry "POL"]
[SourceTitle "playchess.com"]
[Source "ChessBase"]
[SourceQuality "1"]
[TimeControl "40/5400+30:1800+30"]

1. e4 {[%emt 0:00:00]} c5 {[%emt 0:00:04]} 2. Be2 {[%emt 0:00:00]} Nc6 {[%emt 0:02:22]} 3. f4 {[%emt 0:00:00]} Nf6 {[%emt 0:04:18]} 4. d3 {[%emt 0:01:15]} d6 {[%emt 0:00:24]} 5. Nf3 {[%emt 0:00:05]} Nd4 {[%emt 0:00:52]} 6. c3 {[%emt 0:00:51]} Nxe2 {[%emt 0:01:08]} 7. Qxe2 {[%emt 0:00:05]} g6 {[%emt 0:01:31]} 8. O-O {[%emt 0:01:08]} Bg7 {[%emt 0:00:02]} 9. Kh1 {[%emt 0:10:03]} O-O {[%emt 0:02:56]} 10. Be3 {[%emt 0:00:16]} c4 {[%emt 0:01:49]} 11. dxc4 {[%emt 0:05:38]} Nxe4 {[%emt 0:00:14]} 12. Bxa7 {[%emt 0:01:58]} Nxc3 {[%emt 0:05:02]} 13. Nxc3 {[%emt 0:02:54]} Rxa7 14. Qe3 {[%emt 0:00:30]} Ra6 {[%emt 0:02:17]} 15. Rfe1 {[%emt 0:00:27]} Re8 {[%emt 0:00:58]} 16. b3 {[%emt 0:01:31]} Bd7 {[%emt 0:08:11]} 17. Re2 {[%emt 0:09:33]} ({White should play} 17. a4 $15) 17... b5 {[%emt 0:01:47]} 18. cxb5 {[%emt 0:00:40]} Bxb5 {[%emt 0:00:05]} 19. Rc2 {[%emt 0:00:50]} Bd7 {[%emt 0:04:35]} 20. Rac1 {[%emt 0:02:48]} Qa8 {[%emt 0:01:09]} 21. a4 {[%emt 0:04:04]} Qb7 {[%emt 0:04:10]} 22. Nd2 {[%emt 0:26:41]} Bc6 {[%emt 0:05:29]} 23. Qf2 {[%emt 0:01:27]} e5 {[%emt 0:06:48]} 24. fxe5 {[%emt 0:01:44]} Rxe5 {[%emt 0:01:06]} 25. Nb5 $1 {[%emt 0:04:21]} Rf5 {[%emt 0:02:41]} ({Günstiger ist} 25... Bxb5 $17 26. axb5 Qxb5) 26. Qe2 $1 {[%emt 0:00:14]} Re5 {[%emt 0:00:27]} (26... Bxb5 $17 27. axb5 Ra8) 27. Qf2 {[%emt 0:00:05]} Rf5 {[%emt 0:00:03]} 28. Qe2 {[%emt 0:03:06]} Re5 $11 {[%emt 0:01:22]} 29. Qf2 {[%emt 0:00:24]} Rf5 {[%emt 0:00:05]} 30. Qe2 {[%emt 0:00:02]} Re5 1/2-1/2

[Event "POL-chT Ekstraliga 2018"]
[Site "Gorzow"]
[Date "2018.06.09"]
[Round "2"]
[White "Piesik, Piotr"]
[Black "Sadzikowski, Daniel"]
[Result "1/2-1/2"]
[WhiteElo "2353"]
[BlackElo "2576"]
[Annotator "TA"]
[PlyCount "95"]
[EventDate "2018.06.08"]
[EventType "team-tourn"]
[EventCountry "POL"]
[SourceTitle "playchess.com"]
[Source "ChessBase"]
[SourceQuality "1"]

{[%evp 15,95,-1,0,-10,-12,-50,-41,-41,-53,-59,-36,-36,-2,-38,-30,-34,-36,-73,-26,-23,-26,-26,-26,-26,-16,-35,-16,-28,-16,-25,0,0,0,0,0,0,0,0,0,0,0,-27,-26,-25,-22,-44,-29,-40,-15,-12,-5,-10,0,0,0,0,35,35,24,39,37,34,25,20,15,10,45,33,41,41,44,0,0,0,0,0,0,0,0,0,0,0]} 1. Nf3 c5 2. e4 d6 3. Bb5+ Nd7 4. d4 cxd4 5. Qxd4 a6 6. Bxd7+ Bxd7 7. c4 {B51: Sicilian: Moscow Variation (3 Bb5+) without 3...Bd7} Nf6 8. Nc3 g6 {LiveBook: 34 Games} 9. Be3 $146 ({Predecessor:} 9. O-O Bg7 10. Qd3 O-O 11. a4 Rc8 12. Rb1 Bc6 13. Re1 Nd7 14. b4 Nb6 {0-1 (27) Svidler,P (2727)-Karjakin,S (2762) Baku 2015}) 9... Bg7 10. h3 O-O 11. Qd3 {[#]} b5 $1 {[%mdl 512]} 12. O-O (12. cxb5 axb5) 12... Qb8 13. Nd2 Bc6 14. Rfc1 Qb7 15. f3 Nd7 16. Rc2 Rfc8 17. Rac1 Nc5 18. Qe2 b4 19. Nd5 e6 20. Nf4 $1 a5 21. Nd3 Nd7 22. Nb3 e5 23. Nd2 f5 {[%cal Rf5e4]} 24. c5 d5 25. exd5 Bxd5 26. Nc4 Bxc4 27. Rxc4 {[#] Strongly threatening c6.} Nb8 28. Bf2 Nc6 29. b3 Re8 30. Nb2 Rad8 31. Rd1 Rxd1+ (31... e4 $5) 32. Nxd1 Qd7 33. Nb2 Rd8 34. Rc1 Qd2 35. Qc4+ Qd5 36. Rd1 Qxc4 37. Rxd8+ Nxd8 38. Nxc4 $14 {[%mdl 4096] Endgame KBN-KBN} ({Much weaker is} 38. bxc4 e4 $17) 38... Nc6 39. Kf1 Kf7 40. Ke2 Ke6 41. Kd3 Bf6 42. Nb6 h5 43. Be3 e4+ $1 {The position is equal.} 44. fxe4 Ne5+ 45. Ke2 fxe4 46. Bd4 Bg5 47. Be3 Be7 48. Bd4 {Precision: White = 66%, Black = 52%.} 1/2-1/2